banner-ar

القول الاقوم فى عموم رسالة سيدنا محمد الى جميع الامم ويليه الاوله الساطعات فى اثبات المعجزات والكرامات / (Record no. 40412)

MARC details
000 -الفاتح
حقل البيانات ثابتة الطول 00857nam a2200217Ia 4500
008 - عناصر البيانات ثابتة الطول - معلومات عامة
حقل البيانات ثابتة الطول 140319s9999 xx 000 0 ara d
040 ## - مصدر الفهرسة
وكالة الفهرسة الأصلية GCL /
وكالة النسخ GCL
082 04 - رقم تصنيف ديوى العشرى
رقم التصنيف 239.6
رقم المادة ا ق
100 1# - المدخل الرئيسى - إسم شخصى
الإسم الشخصى احمد بن حجر ال بوطامى البنعلى
245 10 - بيان العنوان
العنوان القول الاقوم فى عموم رسالة سيدنا محمد الى جميع الامم ويليه الاوله الساطعات فى اثبات المعجزات والكرامات /
بيان المسئوليه,etc احمد بن حجر ال بوطامى البنعلى
300 ## - الوصف المادى
التعداد 149 ص
490 ## - بيان السلسلة
عنوان السلسلة
650 04 - المدخل الاضافى بالموضوع-مصطلح موضوعى
مصطلح موضوعي السيرة النبوية
650 04 - المدخل الاضافى بالموضوع-مصطلح موضوعى
مصطلح موضوعي عصر الجهاد فى سبيل نشر الدعوة
650 04 - المدخل الاضافى بالموضوع-مصطلح موضوعى
مصطلح موضوعي القران - تفسير
650 04 - المدخل الاضافى بالموضوع-مصطلح موضوعى
مصطلح موضوعي اخلاق الرسول
650 04 - المدخل الاضافى بالموضوع-مصطلح موضوعى
مصطلح موضوعي الصحابة والتابعون
650 04 - المدخل الاضافى بالموضوع-مصطلح موضوعى
مصطلح موضوعي الكرامات
942 ## - عناصر المدخل الإضافي( كوها)
مصدر التصنيف او مخطط الترفيف Dewey Decimal Classification
Koha [default] item type كتاب
Holdings
حالة التراجع حالة الفقد حالة تلف ليس للاعارة المكان المؤقت الموقع الحالى تاريخ الاكتساب اجمالي اﻻعارات رقم الطلب الباركود تاريخ اخر مشاهدة تاريخ تفعيل السعر نوع وعاء كوها
        مكتبة القاهرة الكبرى مكتبة القاهرة الكبرى 03/26/2014   239.6\ا ق 97928 03/26/2014 03/26/2014 كتاب

Powered By

EGPV